Click Gulfs And Bays On A Map - Statistics

General Stats
  • This quiz has been taken 66 times
  • The average score is 14 of 16
Answers on the Map
Answers color-coded by a green-red scale on the quiz's map according to % correct below.
 
Answer Stats
Answer % Correct
Gulf of Mexico/America
98%
Gulf of California
96%
Great Australian Bight
93%
Gulf of Alaska
93%
Persian Gulf
93%
Hudson Bay
91%
Bay of Bengal
89%
Gulf of Guinea
89%
Gulf of Thailand
89%
Gulf of Aden
87%
Gulf of Saint Lawrence
85%
Bay of Biscay
83%
Baffin Bay
74%
Gulf of Carpentaria
74%
Gulf of Bothnia
70%
Gulf of Finland
70%
No matching quizzes found
Score Distribution
Percent of People with Each Score
Percentile by Number Answered
Your Score History
You have not taken this quiz